000 00522nam a2200169 4500
001 148273
003 ES-MaACL
005 20230906202528.0
007 t|
008 070214s1972 sp r ||||1| spa d
080 _a821.134.2-84"19"
100 1 _aSintes Pros, Jorge.
_9106654
245 1 0 _aStop
_b: definiciones, contestaciones, divagaciones y otras cogitaciones /
_cpor Jordi Sintes i Pros.
260 _aBarcelona :
_bSintes,
_c[1972] (
_fAlen)
300 _a90 p. ;
_c18 cm.
852 _aES-MaACL
_jC-52666
_bR.83086
999 _c148273
_d148273